000 00721nam a2200229Ia 4500
003 GCL
008 140319s9999 xx 000 0 ara d
040 _aGCL /
_cGCL
082 0 4 _a330.12
_bم ا
100 1 _aعادل احمد حشيش
245 1 0 _aاصول الاقتصاد السياسى الجزء الثانى /
_cعادل احمد حشيش
700 1 _aمصطفى رشدى شيحة
700 1 _aمحمد حامد دويدار
700 1 _aمجدى محمد شهاب
300 _a400 ص
490 _aكتاب
_v0
650 0 4 _aالاقتصاد
650 0 4 _aالاشتراكية
650 0 4 _aالاحوال الاقتصادية
650 0 4 _aالتنمية الاقتصادية
942 _2ddc
_cBK
999 _c42968
_d42968